| 000 | 05398cam a2200397 i 4500 | ||
|---|---|---|---|
| 001 | in00024286132 | ||
| 005 | 20260325113019.0 | ||
| 008 | 250604t20252025enk b 001 0 eng d | ||
| 010 | _a 2025943662 | ||
| 020 |
_a9781789901511 _q(hardback) |
||
| 020 |
_a1789901510 _q(hardback) |
||
| 035 | _a(OCoLC)1521908514 | ||
| 040 |
_aYDX _beng _erda _cYDX _dTFW _dOCLCO _dNLVRD _dDLC |
||
| 042 | _alccopycat | ||
| 082 | _a341.24 ANG | ||
| 245 | 0 | 0 |
_aResearch handbook on Third World Approaches to International Law (TWAIL) / _cedited by Antony Anghie, B.S. Chimni, Michael Fakhri, Karin Mickelson, Vasuki Nesiah. |
| 246 | 3 | 3 | _aThird World Approaches to International Law (TWAIL) |
| 264 | 1 |
_aCheltenham, UK ; _aNorthampton, MA, USA : _bEdward Elgar Publishing, _c[2025] |
|
| 300 |
_axv, 630 pages ; _c26 cm. |
||
| 336 |
_atext _btxt _2rdacontent |
||
| 365 | _bRs. 32926.00 | ||
| 490 | 1 | _aResearch handbooks in international law series | |
| 504 | _aIncludes bibliographical references and index. | ||
| 505 | 0 | _aIntroduction / Antony Anghie, B.S. Chimni, Michael Fakhri, Karin Mickelson and Vasuki Nesiah --TWAIL coordinates / Luis Eslava -- Race / E. Tendayi Achiume -- Imperialism / Antony Anghie -- Settler colonialism / Noura Erakat and John Reynolds -- Global justice / B.S. Chimni -- World peace / Dianne Otto -- Histories / Liliana Obregón -- Tradition / Adil Hasan Khan -- Critiquing TWAIL / Umut Özsu -- Pedagogy / Mohsen al Attar and Rafael Quintero Godínez -- Feminisms / Rohini Sen -- Marxism / Robert Knox -- Indigenous peoples' struggles / Roger Merino -- Postcolonial studies / Vasuki Nesiah -- Law and economics / Dina I. Waked -- Queer theory / Vanja Hamzić -- Literature / Helena Alviar García -- Religion / Ratna Kapur -- Customary international law / George R.B. Galindo -- Treaties / Guilherme Del Negro -- General principles of law / Prabhakar Singh -- Personality / Rose Sydney Parfitt -- States and self-determination / Mohammad Shahabuddin -- International organizations / Guy Fiti Sinclair -- Human rights / Makau Mutua -- Human rights and the UN system / Obiora Chinedu Okafor -- International criminal law / Asad G. Kiyani -- The use of force / Markus Gunneflo -- The law of armed conflict / Michelle Burgis-Kasthala -- Environment / Karin Mickelson -- Trade law / Donatella Alessandrini -- Development / Shane Chalmers and Sundhya Pahuja -- Food sovereignty / Michael Fakhri -- Foreign investment law / Nicolás M. Perrone -- Transnational labour law / Adelle Blackett -- The corporation / Grietje (River) Baars and Simge Haznedaroglu -- Migration / Usha Natarajan -- The law of the sea / Endalew Lijalem Enyew -- Transitional justice / Sujith Xavier -- Emergency / John Reynolds -- Intellectual property rights / Titilayo Adebola -- The family / Cyra Akila Choudhury -- Slavery / Lindsay Massara and Michelle McKinley -- Apartheid / Christopher Gevers -- The question of Palestine / Hadeel S. Abu Hussein -- Global public health / Aziza Ahmed and Jason Jackson -- Informal labour / Kerry Rittich -- Sovereign debt / James Thuo Gathii and Harrison Otieno Mbori -- Climate change / Sumudu Atapattu and Carmen G. Gonzalez. | |
| 520 |
_a"This Research Handbook provides a comprehensive overview of Third World Approaches to International Law (TWAIL) with chapters exploring different facets of TWAIL scholarship. It covers major doctrines and topics of international law, as well as TWAIL perspectives on central historical and theoretical debates. Expert authors present key insights into various themes that intersect with international law including economics, post-colonialism, religion, development, treaties, and human rights. The Research Handbook underscores the cornerstone concepts of TWAIL and examines their relationship with intellectual traditions such as Marxism and feminism. Contributing authors outline TWAIL’s perspectives on core areas of international law such as customary international law, treaties and human rights, as well as important contemporary issues, including debt, climate change, and public health. Ultimately, the Research Handbook showcases an expanded and enriched vision of international law, assessing how alternate methodologies can lead to a fairer legal system. Encompassing an authoritative overview of the legacy and future of TWAIL, this Research Handbook is of vital importance to scholars and students of international law, international relations, legal theory, and development studies. It is also an essential reference for lawyers and policymakers in the field"-- _cPublisher's website. |
||
| 650 | 0 |
_aInternational law _zDeveloping countries. |
|
| 700 | 1 |
_aAnghie, Antony, _eeditor. _1https://id.oclc.org/worldcat/entity/E39PBJht4mRDDyr7QkHd7gx7HC |
|
| 700 | 1 |
_aChimni, B. S., _d1952- _eeditor. _1https://id.oclc.org/worldcat/entity/E39PCjDfpTPfX9WMv9BvyG8W8P |
|
| 700 | 1 |
_aFakhri, Michael, _eeditor. _1https://id.oclc.org/worldcat/entity/E39PCjMyGjVRvp9HQG8cCXGQWP |
|
| 700 | 1 |
_aMickelson, Karin, _eeditor. _1https://id.oclc.org/worldcat/entity/E39PCjJyrhTC6btdVHHv9p89WC |
|
| 700 | 1 |
_aNesiah, Vasuki, _eeditor. _1https://id.oclc.org/worldcat/entity/E39PCjKcvwPX9PB6QcdqXdpmq3 |
|
| 830 | 0 | _aResearch handbooks in international law. | |
| 906 |
_a7 _bcbc _corignew _d2 _eepcn _f20 _gy-gencatlg |
||
| 942 |
_2ddc _cBK |
||
| 999 |
_c217882 _d217882 |
||